logo

Bir Sreshtho Munshi Abdur Rouf Library
Jhenaidah Cadet College

Memoirs of the geological survey of pakistan / (Record no. 4780)

MARC details
000 -LEADER
fixed length control field 00594nam a2200217 a 4500
001 - CONTROL NUMBER
JCCL Control Number 4780
003 - CONTROL NUMBER IDENTIFIER
JCCL marc code BD-JhCC
005 - DATE AND TIME OF LATEST TRANSACTION
control field 20171203171014.0
008 - FIXED-LENGTH DATA ELEMENTS--GENERAL INFORMATION
fixed length control field 171203s1959 newa|||| |||| 001 0 eng d
035 ## - SYSTEM CONTROL NUMBER
system control number (BD-JhCC)
040 ## - CATALOGING SOURCE
Original cataloging agency BD-JhCC
Modifying agency BD-JhCC
041 ## - LANGUAGE CODE
Language code of Book eng
082 ## - DEWEY DECIMAL CLASSIFICATION NUMBER
Classification number 915
Author mark and Year HAQ 1959
100 ## - MAIN ENTRY--PERSONAL NAME
Personal name Haque, A.F.M. Mohsenul
245 ## - TITLE STATEMENT
Title Memoirs of the geological survey of pakistan /
Statement of responsibility, etc A.F.M. Mohsenul Haque
260 ## - PUBLICATION, DISTRIBUTION, ETC. (IMPRINT)
Place of publication, distribution, etc New York :
Name of publisher, distributor, etc Goverment of pakistan press,
Date of publication, distribution, etc 1959
300 ## - PHYSICAL DESCRIPTION
Pagination 150p. :
Other physical details ill. ;
Dimensions 24cm.
650 ## - SUBJECT ADDED ENTRY--TOPICAL TERM
Topical term or geographic name as entry element Geography
Geographic subdivision Pakistan
942 ## - ADDED ENTRY ELEMENTS (KOHA)
Source of classification or shelving scheme Dewey Decimal Classification
Koha item type Books
Holdings
Source of classification or shelving scheme volume number Damaged status Not for loan Home library Current library Shelving location Date of accession Total Checkouts Full call number Barcode Date last seen Copy number Koha item type
Dewey Decimal Classification V-2     JCC Rouf Library JCC Rouf Library General Stacks 12/03/2017   915 HAQ 1959 6636 12/03/2017 C - 1 Books
Dewey Decimal Classification V-1     JCC Rouf Library JCC Rouf Library General Stacks 12/03/2017   915 HAQ 1959 6621 12/03/2017 C - 1 Books

JCC Library | Contacts | JCC Home

Last Update on 23 September 2017
Copyright @ 2017-2020 JCC Rouf Library
Rouf Library, Jhenidah Cadet College (JCC), Bangladesh